| 000 | 00000nam##2200000za#4500 |
| 001 | 9.615787 |
| 003 | CaOODSP |
| 005 | 20201118084524 |
| 007 | ta |
| 008 | 150406|2001||||xxc||||| f|0| 0 eng|d |
| 020 | |a0-662-31106-X |
| 040 | |aCaOODSP|beng |
| 043 | |an-cn--- |
| 086 | 1 |aH113-7/2001-13E |
| 110 | 1 |aCanada. |bPest Management Regulatory Agency. |
| 245 | 10|aIsomate-M 100 Oriental Fruit Moth Pheromone for use in orchards to disrupt oriental fruit moth mating |
| 260 | |aOttawa - Ontario : |bHealth Canada. |c2001. |
| 300 | |a13p. ; |c28 cm. |
| 490 | 1 |aRegulatory note |vREG 2001-13 |
| 563 | |aSoftcover |
| 590 | |a01-50|b2001-12-14 |
| 690 | 07|aPesticides|2gcpds |
| 690 | 07|aFruit crops|2gcpds |
| 775 | 08|tIsomate-M 100, phéromone de la tordeuse orientale du pêcher, perturbant son comportement reproducteur dans les arbres fruitiers |w(CaOODSP)9.625805 |
| 776 | 0#|tIsomate-M 100 Oriental Fruit Moth Pheromone for use in orchards to disrupt Oriental fruit moth mating |w(CaOODSP)9.557963 |
| 830 | #0|aRegulatory note ;|vREG 2001-13|w(CaOODSP)9.514702 |